000 01329njm a22003017a 4500
005 20100922114049.0
006 a|||||r|||||00| 0
007 sd ammalaaahaa
008 100922t xxu||||| |||| 00| 0 pun d
028 _aN,13637
_bHis Master's Voice
035 _aGR-01322
040 _aSED
_cSED
100 _aਪ੍ਰਕਾਸ਼ ਕੋਰ
_921104
245 _aਚਨ ਵੇ ਕੇ ਸ਼ੋਕਨ ਮੇਲੇ ਦੀ.. /
_cਪ੍ਰਕਾਸ਼ ਕੋਰ,ਗੀਤ-ਨੰਨਲਾਲ ਨੂਰਪੁਰੀ, ਸੰਗੀਤ-ਸ਼ਿਵਰਾਮ
_hMedium [Sound recording]
246 _aChan ve ke mele sokan di (Prakash kaur)
260 _aDum Dum, India
_bHis Master's Voice
_cn.d.
300 _a1 Sound disc [Gramophon Recording]
_banalog,33 1/3 rpm
_c9.5 in. (MP)
_fGramophon Record
500 _aBrief record
500 _aRecord labels : His Master's Voice, Red
505 _aSide-2 ਗੋਰੀ ਦਿੰਯਾ ਝਾੰਜਰਾੰ ਬੁਲਾਉਂਦਿਯਾਂ Gori diya janjra bulaundiyan (Prakash kaur)
600 _921105
650 _aPunjabi Songs
_xExcerpts
_zIndia
_921106
700 _921416
_aਨੰਨਲਾਲ ਨੂਰਪੁਰੀ
700 _921549
_aਸ਼ਿਵਰਾਮ
700 _921550
942 _2ddc
_cGR
999 _c47767
_d47767